Masihiyat Ki Aalamgiri (Record no. 1446)

MARC details
000 -LEADER
fixed length control field 00557nam a2200229 a 4500
020 ## - INTERNATIONAL STANDARD BOOK NUMBER
ISBN
082 00 - DEWEY DECIMAL CLASSIFICATION NUMBER
Classification number 239
Author Cutter BAR13
100 ## - MAIN ENTRY--AUTHOR NAME
Author name Barkatulla, Padri
245 ## - TITLE STATEMENT
Title Masihiyat Ki Aalamgiri
260 ## - PUBLICATION, DISTRIBUTION, ETC. (IMPRINT)
Place of publication Lahore
Name of publisher Punjab Religious Booksociety
Year of publication 1939
300 ## - PHYSICAL DESCRIPTION
Number of Pages 222p
500 ## - GENERAL NOTE
General note includes index and biblioraphy
650 ## - SUBJECT ADDED ENTRY--TOPICAL TERM
Topical Term Apologetics
942 ## - ADDED ENTRY ELEMENTS (KOHA)
Koha item type Books
700 1# -
-- Barkatulla, Padri
Holdings
Home library Current library Date acquired Cost, normal purchase price Full call number Accession Number Koha item type
Henry Martyn Institute Library Henry Martyn Institute Library 04/15/2016 100.00 239 BAR13 4122 Archive Book
Henry Martyn Institute Library Henry Martyn Institute Library 04/15/2016 100.00 239 BAR13 10869 Archive Book
                   Copyright © 2026 | Henry Martyn Institute | Hyderabad | TS-500052 | INDIA | Implemented by hmi.edu.in
Hit-Count:

Powered by Koha